书目信息 |
| 题名: |
教育教学知识与能力经典题解及上机考试题库
|
|
| 作者: | ;《国家教师资格考试专用系列教材》编委会 编著 | |
| 分册: | 小学 | |
| 出版信息: | 北京 教育科学出版社 2013 |
|
| 页数: | 240页 | |
| 开本: | 28cm | |
| 丛书名: | ||
| 单 册: | ||
| 中图分类: | G451.1-44 , G625.1-44 | |
| 科图分类: | ||
| 主题词: | 教学能力--资格考试--习题集 , 小学教师--教学能力--资格考试--习题集 , 教学能力 , 小学教师 | |
| 电子资源: | ||
| ISBN: | 978-7-5041-8138-1 | |
| 000 | 01215nam0 2200289 450 | |
| 001 | 523 | |
| 005 | 20140910080923.34 | |
| 010 | @a978-7-5041-8138-1@dCNY35.00 | |
| 100 | @a20140126d2013 em y0chiy50 ea | |
| 101 | 0 | @achi |
| 102 | @aCN@b110000 | |
| 105 | @aa z 000yy | |
| 106 | @ar | |
| 200 | 1 | @a教育教学知识与能力经典题解及上机考试题库@AJiao Yu Jiao Xue Zhi Shi Yu Neng Li Jing Dian Ti Jie Ji Shang Ji Kao Shi Ti Ku@i小学@IXiao Xue@f《国家教师资格考试专用系列教材》编委会编著@F《 Guo Jia Jiao Shi Zi Ge Kao Shi Zhuan Yong Xi Lie Jiao Cai》 Bian Wei Hui Bian Zhu |
| 210 | @a北京@c教育科学出版社@d2013 | |
| 215 | @a240页@c图@d28cm | |
| 300 | @a国家教师资格考试专用系列教材 2014最新版 | |
| 330 | @a本书分为六个模块,包括:教育基础;学生指导;班级管理;学科知识、教学设计;教学实施;教学评价。 | |
| 606 | 0 | @a教学能力@x资格考试@j习题集 |
| 606 | 0 | @a小学教师@x教学能力@x资格考试@j习题集 |
| 606 | 0 | @a教学能力 |
| 606 | 0 | @a小学教师 |
| 690 | @aG451.1-44@v5 | |
| 690 | @aG625.1-44@v5 | |
| 711 | 02 | @a《国家教师资格考试专用系列教材》编委会@A《 Guo Jia Jiao Shi Zi Ge Kao Shi Zhuan Yong Xi Lie Jiao Cai》 Bian Wei Hui@4编著 |
| 801 | 0 | @aCN@bTANGWEI@c20140603 |
| 905 | @b0838651-53@dG451.1-44@e128@f3 | |
| 教育教学知识与能力经典题解及上机考试题库.小学/《国家教师资格考试专用系列教材》编委会编著.-北京:教育科学出版社,2013 |
| 240页:图;28cm |
| 国家教师资格考试专用系列教材 2014最新版 |
| ISBN 978-7-5041-8138-1:CNY35.00 |
| 本书分为六个模块,包括:教育基础;学生指导;班级管理;学科知识、教学设计;教学实施;教学评价。 |
| ● |
| 相关链接 |
|
|
|
|
正题名:教育教学知识与能力经典题解及上机考试题库
索取号:G451.1-44/128
 
预约/预借
| 序号 | 登录号 | 条形码 | 馆藏地/架位号 | 状态 | 备注 |
| 1 | 0838651 | 208386511 | 第一样本阅览室/ [索取号:G451.1-44/128] | 在馆 | |
| 2 | 0838652 | 208386520 | 密集书库-物理学院/ [索取号:G451.1-44/128] | 在馆 |